000 00992nas a2200325 4500
001 BR9601357
003 BR-BrBNA
005 20231205094700.0
007 ta
008 230509b bl.|||p| |||| 00| 00por d
040 _aBR-BrBNA
_bpor
_cBiblioteca Nacional de Agricultura
041 _a(Pt)
072 _aH10
100 1 _aSouto, R.F.
100 1 _aSanta-Cecilia, L.V.C.
100 1 _aPedroso, E.M.
100 1 _aSouza, M. de
245 1 _aEficiencia de inseticidas no controle da cochonilha-da-raiz (Pseudococcus comstoki (Kuwana, 1902)(Homoptera - Pseudococcidae), em mudas citricas
650 _aLimao Cravo
650 _aTangerina
650 _aLimoeiro Trifoliado
650 _aCochonilha
650 _aRaiz
650 _aInseticida
650 _aControle Quimico
650 _aMinas Gerais
773 0 _tRevista Brasileira de Fruticultura (Brazil)
_x
_g(1991), v. 18(4) p. 131-135
_wBR9601357
909 _a202311
_bLúcia
_c55
_dLúcia Elande
942 _2AGRIS
_n0
_cANA
999 _c146111
_d146111